000 00468nam a2200169Ia 4500
003 GCL
008 140319s9999 xx 000 0 eng d
040 _aGCL /
_cGCL
082 0 4 _a128
_bMP
100 1 _aMEYER, MICHEL
245 1 0 _aLE PHILOSOPHE ET LES PASSIONS : ESQUISSE D'UNE HISTORIE DE LA NATURE HUMAINE /
_cMEYER, MICHEL
260 _a[S.N] :
_bLE LIVRE DE POCHE ،
_c1991
300 _a413
650 0 4 _aPHILOSOPHY
650 0 4 _aHUMANKIND
942 _2ddc
_cBK
999 _c25303
_d25303